00718nam a2200229 a 4500999001500000003000900015005001700024008004100041020001600082020001800098040001000116082001500126100001900141245004700160260003700207300001500244650002700259700002100286856006400307942001200371952010500383 c9016d9016PK-NaQUE20250527142102.0250527b ||||| |||| 00| 0 eng d a01377520808 a9780137520800 cQUEST a515.35GOLD1 aGoldberg, Jack10aDifferential Equations: a systems approach aNew Jersy:bPrentice Hallc1998. aXVII,576p. aDifferential equations1 aPotter, Merle C.40uhttp://10.10.170.122:8080/browse/book/27416yDownload eBook cBK2ddc 001040708REFaREFbREFd2014-08-22g2878.50l0oBOE (Shelf - 29B)p20882r2014-08-22 00:00:00yBK